| 000 | 00326nam a2200097Ia 4500 | ||
|---|---|---|---|
| 008 | 220120s9999||||xx |||||||||||||| ||und|| | ||
| 100 |
_aAshwini, Sahana and Sindhushree _912739 |
||
| 245 | 0 | _aRapid entire body postural analysis assessment device for co | |
| 260 |
_aCoorg Institute of Technology _bPonnampet |
||
| 650 | _aMECHANICAL | ||
| 999 |
_c138339 _d138339 |
||